书目信息 |
| 题名: |
地下管线网探测与信息管理
|
|
| 作者: | 田应中 编著 | |
| 分册: | ||
| 出版信息: | 北京 测绘出版社 1997.08 |
|
| 页数: | 163页 | |
| 开本: | 32开 | |
| 丛书名: | ||
| 单 册: | ||
| 中图分类: | U173 | |
| 科图分类: | ||
| 主题词: | 管道运输 | |
| 电子资源: | ||
| ISBN: | 7-5030-0942-X | |
| 000 | 00582nam0 2200193 45 | |
| 001 | 0011152281 | |
| 005 | 20010611154549.9 | |
| 010 | @a7-5030-0942-X@d12.00元 | |
| 100 | @a20001115d1997 km y0chiy0120 ea | |
| 101 | 0 | @achi |
| 105 | @a z 000yy | |
| 200 | 1 | @a地下管线网探测与信息管理@ADi Xia Guan Xian Wang Tan Ce Yu Xin Xi Guan Li@f田应中等编著@FTian Ying ZhongDeng Bian Zhu |
| 210 | @a北京@c测绘出版社@d1997.08 | |
| 215 | @a163页@d32开 | |
| 606 | 0 | @a管道运输 |
| 690 | @aU173@v3 | |
| 701 | 0 | @a田应中@4编著 |
| 801 | @aCN@bPftUser@c20001115 | |
| 905 | @dU173@eT981@f20@b346620-639 | |
| 地下管线网探测与信息管理/田应中等编著.-北京:测绘出版社,1997.08 |
| 163页;32开 |
| ISBN 7-5030-0942-X:12.00元 |
| ● |
| 相关链接 |
|
|
|
正题名:地下管线网探测与信息管理
索取号:U173/T981
 
预约/预借
| 序号 | 登录号 | 条形码 | 馆藏地/架位号 | 状态 | 备注 |
| 1 | 346620 | 203466203 | 市政与环境工程学院资料室/ [索取号:U173/T981] | 在馆 | |
| 2 | 346621 | 203466212 | 自科库501/501自科库 49排2列3层/ [索取号:U173/T981] | 在馆 | |
| 3 | 346622 | 203466221 | 自科库501/501自科库 49排2列3层/ [索取号:U173/T981] | 在馆 | |
| 4 | 346623 | 203466230 | 自科库501/501自科库 49排2列3层/ [索取号:U173/T981] | 在馆 | |
| 5 | 346624 | 203466249 | 自科二线400A/400A自科库 34排2列5层/ [索取号:U173/T981] | 在馆 | |
| 6 | 346625 | 203466258 | 土木与交通工程学院资料室/201建筑库 46排5列2层/ [索取号:U173/T981] | 在馆 | |
| 7 | 346626 | 203466267 | 土木与交通工程学院资料室/201建筑库 46排5列3层/ [索取号:U173/T981] | 在馆 | |
| 8 | 346627 | 203466276 | 土木与交通工程学院资料室/201建筑库 46排5列2层/ [索取号:U173/T981] | 在馆 | |
| 9 | 346628 | 203466285 | 自科二线400A/501自科库 49排2列3层/ [索取号:U173/T981] | 在馆 | |
| 10 | 346629 | 203466294 | 自科二线400A/400A自科库 34排2列5层/ [索取号:U173/T981] | 在馆 | |
| 11 | 346630 | 203466301 | 土木与交通工程学院资料室/201建筑库 46排5列2层/ [索取号:U173/T981] | 在馆 | |
| 12 | 346631 | 203466310 | 自科二线400A/400A自科库 34排2列5层/ [索取号:U173/T981] | 在馆 | |
| 13 | 346632 | 203466329 | 自科二线400A/201建筑库 46排5列3层/ [索取号:U173/T981] | 在馆 | |
| 14 | 346633 | 203466338 | 自科二线400A/400A自科库 34排2列5层/ [索取号:U173/T981] | 在馆 | |
| 15 | 346634 | 203466347 | 土木与交通工程学院资料室/201建筑库 46排5列2层/ [索取号:U173/T981] | 在馆 | |
| 16 | 346635 | 203466356 | 土木与交通工程学院资料室/201建筑库 46排5列2层/ [索取号:U173/T981] | 在馆 | |
| 17 | 346636 | 203466365 | 土木与交通工程学院资料室/201建筑库 46排5列2层/ [索取号:U173/T981] | 在馆 | |
| 18 | 346637 | 203466374 | 自科二线400A/400A自科库 34排2列5层/ [索取号:U173/T981] | 在馆 | |
| 19 | 346638 | 203466383 | 自科库501/501自科库 49排2列3层/ [索取号:U173/T981] | 在馆 | |
| 20 | 346639 | 203466392 | 土木与交通工程学院资料室/201建筑库 46排5列2层/ [索取号:U173/T981] | 在馆 |